The United States unmasked : A search into the causes of the rise and progress of these states, and an exposure of their present material and moral condition /

Bibliographic Details
Main Author: Manigault, Gabriel, 1809-1888
Format: Microform Book
Language:English
Published: London : E. Stanford, 1879.
Series:Slavery, source material and critical literature.
Subjects:

MARC

Tag First Indicator Second Indicator Subfields
LEADER 00000cam a2200000I 4500
001 in00000077987
005 20151008055108.0
007 he bm------c-
008 800908s1879 enk b 000 0 eng d
035 |a (OCoLC)ocm06691759 
035 |a (OCoLC)06691759 
035 |9 AAJ2543AM 
040 |a UMC  |c UMC  |d OCL  |d TXA  |d UtOrBLW 
049 |a TXAM 
090 |a E168  |b .M28 1879a 
099 |a fiche  |a C  |a 20753 
100 1 |a Manigault, Gabriel,  |d 1809-1888. 
245 1 4 |a The United States unmasked :  |b A search into the causes of the rise and progress of these states, and an exposure of their present material and moral condition /  |c With additions and corrections by the author. By G. Manigault. 
264 1 |a London :  |b E. Stanford,  |c 1879. 
300 |a 168 pages ;  |c 19 cm. 
336 |a text  |b txt  |2 rdacontent 
337 |a microform  |b h  |2 rdamedia 
338 |a microfiche  |b he  |2 rdacarrier 
533 |a Microfiche (negative).  |b Louisville, Ky.,  |c Lost Cause Press, 1980.  |d 3 sheets. 11 x 15 cm.  |f ([Slavery, source material and critical literature]) 
500 |a Microform. 
651 0 |a United States  |x Economic conditions. 
651 0 |a United States  |x Politics and government  |y 1861-1865. 
650 0 |a African Americans. 
830 0 |a Slavery, source material and critical literature. 
994 |a E0  |b TXA 
948 |a cataloged  |b h  |c 2001/5/1  |d c  |e ceaton  |f 2:43:39 pm 
999 |a MARS 
999 f f |s 4a072149-d0b5-31fe-9e9f-08988b5b04f5  |i 6aa4126e-9477-3569-85db-ff4c7c27ffcd  |t 0 
952 f f |p normal  |a Texas A&M University  |b College Station  |c Sterling C. Evans Library  |d Evans: Microforms (3rd floor)  |t 0  |e fiche C 3878  |h Other scheme  |i microform -- microfiche  |m A14821396609 
998 f f |a fiche C 3878  |t 0  |l Evans: Microforms (3rd floor)